000 00703nam a2200205Ia 4500
003 GCL
008 140319s9999 xx 000 0 ara d
040 _aGCL /
_cGCL
082 0 4 _a327.12
_bم ا
100 1 _aمايلز كوبلاند
245 1 0 _aاللاعب واللعبة: عالم الاستخبارات الامريكية فى اعترافات احد رجالاته /
_cمايلز كوبلاند
260 _a[S.N] :
_bدار الحمراء ،
_c1990
300 _a192 ص
490 _a
650 0 4 _aالولايات المتحدة الامريكية
650 0 4 _aالمخابرات
650 0 4 _aالعلاقات الخارجية
650 0 4 _aالجاسوسية
942 _2ddc
_cBK
999 _c52527
_d52527